| Tag |
First Indicator |
Second Indicator |
Subfields |
| LEADER |
00000nam a2200000 i 4500 |
| 001 |
in00004070413 |
| 005 |
20190805135046.0 |
| 006 |
m o d f |
| 007 |
cr bn||||||||| |
| 008 |
961114s1942 dcua o f000 0 eng c |
| 035 |
|
|
|a (OCoLC)ocn786329836
|
| 042 |
|
|
|a dlr
|a pcc
|
| 043 |
|
|
|a n-us-tx
|
| 040 |
|
|
|a HMM
|b eng
|e rda
|e pn
|c HMM
|d OCLCQ
|d OCLCO
|d OCLCQ
|d OCLCF
|d OCLCQ
|d OCLCA
|d GPO
|d MvI
|
| 049 |
|
|
|a WWW
|
| 074 |
|
|
|a 0781 (online)
|
| 086 |
0 |
|
|a L 13.3:188-1
|
| 245 |
0 |
0 |
|a Office work in Houston, 1940.
|
| 264 |
|
1 |
|a [Washington, D.C.] :
|b United States Department of Labor, Women's Bureau
|
| 264 |
|
2 |
|a Washington :
|b United States Government Printing Office,
|c 1942.
|
| 300 |
|
|
|a 1 online resource (v, 58 pages) :
|b illustrations.
|
| 336 |
|
|
|a text
|b txt
|2 rdacontent
|
| 337 |
|
|
|a computer
|b c
|2 rdamedia
|
| 338 |
|
|
|a online resource
|b cr
|2 rdacarrier
|
| 490 |
1 |
|
|a Bulletin of the Women's Bureau ;
|v no. 188-1
|
| 588 |
|
|
|a Description based on online resource; title from PDF title page (FRASER website, viewed Apr. 2, 2019).
|
| 650 |
|
0 |
|a Clerks
|z Texas
|z Houston.
|
| 650 |
|
0 |
|a Wages
|z Texas
|z Houston.
|
| 650 |
|
7 |
|a Clerks.
|2 fast
|0 (OCoLC)fst00864129
|
| 650 |
|
7 |
|a Wages.
|2 fast
|0 (OCoLC)fst01169492
|
| 651 |
|
7 |
|a Texas
|z Houston.
|2 fast
|0 (OCoLC)fst01205077
|
| 710 |
1 |
|
|a United States.
|b Women's Bureau,
|e issuing body.
|
| 776 |
0 |
8 |
|i Print version:
|t Office work in Houston, 1940
|w (OCoLC)35915844
|
| 830 |
|
0 |
|a Bulletin (United States. Women's Bureau) ;
|v 188-1.
|
| 856 |
4 |
0 |
|u https://purl.fdlp.gov/GPO/gpo118390
|t 0
|
| 999 |
f |
f |
|s 6df38206-1b34-3a7a-96f4-dff79172d19a
|i 4523585e-f1c2-3e30-915a-173a1fbd40ab
|t 0
|
| 952 |
f |
f |
|a Texas A&M University
|b College Station
|c Electronic Resources
|d Available Online
|t 0
|e L 13.3:188-1
|h Superintendent of Documents classification
|
| 998 |
f |
f |
|a L 13.3:188-1
|t 0
|l Available Online
|